000 00318nam a2200145 4500
999 _c93573
_d93573
003 NALT
005 20210325215548.0
008 170830b th ||||| |||| 00| 0 tha d
022 _a08586993
040 _aNALT
245 _aสาร สนช.
850 _aNALT
942 _cJNR
_2lcc